Michel Bitbol, La conscience artificielle. Une critique vécue. Éditions Mimesis, “Philosophie”, 2025, 142 pages, €12. (notice n° 2042535)
[ vue normale ]
| 000 -LEADER | |
|---|---|
| fixed length control field | 00714cam a2200157 4500500 |
| 005 - DATE AND TIME OF LATEST TRANSACTION | |
| control field | 20260405000944.0 |
| 041 ## - LANGUAGE CODE | |
| Language code of text/sound track or separate title | fre |
| 042 ## - AUTHENTICATION CODE | |
| Authentication code | dc |
| 100 10 - MAIN ENTRY--PERSONAL NAME | |
| Personal name | Rivet de Sabatier, Philippe |
| Relator term | author |
| 245 00 - TITLE STATEMENT | |
| Title | Michel Bitbol, La conscience artificielle. Une critique vécue. Éditions Mimesis, “Philosophie”, 2025, 142 pages, €12. |
| 260 ## - PUBLICATION, DISTRIBUTION, ETC. | |
| Date of publication, distribution, etc. | 2026.<br/> |
| 500 ## - GENERAL NOTE | |
| General note | 34 |
| 520 ## - SUMMARY, ETC. | |
| Summary, etc. | As Art Deco celebrates its centenary, a number of exhibitions in Paris and the surrounding area reflect on the singularity and influence of this movement. |
| 786 0# - DATA SOURCE ENTRY | |
| Note | Études | 4335 | 3 | 2026-02-25 | p. 132-132 | 0014-1941 |
| 856 41 - ELECTRONIC LOCATION AND ACCESS | |
| Uniform Resource Identifier | <a href="https://shs.cairn.info/journal-etudes-2026-3-page-132?lang=en&redirect-ssocas=7080">https://shs.cairn.info/journal-etudes-2026-3-page-132?lang=en&redirect-ssocas=7080</a> |
Pas d'exemplaire disponible.




Réseaux sociaux